000 00927 a2200193 4500
003 Nust
005 20170207153218.0
010 _a 83011993
020 _a0023609001
040 _cNust
082 0 0 _a511
100 1 _aJohnsonbaugh, Richard,
245 1 0 _aDiscrete mathematics /
_cRichard Johnsonbaugh.
260 _aNew York :
_bMacmillan Pub. Co. ;
_aLondon :
_bCollier Macmillan Publishers,
_cc1984.
300 _axi, 436 p. :
_bill. ;
_c25 cm.
505 _aLogic and Proofs (Page-1),The Language of Mathematics (Page-55),Algorithms (Page-120),Counting Methods and the Pigeonhole Principle (Page-165),Recurrence relations (Page-224),Graphs Theory (Page-263),Trees (Page-323),Networks Models (Page-390),Boolean Algorithms and Combinatorial Circuits (Page-416),Automata, Grammars and Languages (Page-452),Computational Geometry (Page-505).
538 _aAlmirah No. 10 and Shelf No. 4
650 0 _aComputer science
_xMathematics.
942 _2ddc
_cBK
999 _c181674
_d181674